000 01908cam a2200529 a 4500
001 22221
003 VRT
005 20260323134519.0
008 240709s1998 xo jr 000 fdslo
015 _aSNBA1998/12-04385
020 _a8006008566
_q(viazané)
035 _aSNK000293792
035 _aurn:nbn:sk:snk-amk1vi
035 _aurn:nbn:sk:snk-am0086bf
035 _aD6DB1872-7A4C-4748-AC3F-381B279E4983
039 9 _a202408221501
_bmsnk160
_c202408221500
_dmsnk160
_c202408221455
_dmsnk160
_c202408221452
_dmsnk160
040 _aSNK
_bslo
_cSNK
_eAACR2
041 1 _aslo
_heng
044 _axo
_cSK
072 7 _a821.111(73)-3
_xAmerická próza
_2konspekt
072 7 _a821-93
_xLiteratúra pre deti a mládež (beletria)
_2konspekt
080 _a821.111(73)-31
_22011
080 _a82-31
_22011
080 _a82-93-053.4/.5
_22011
080 _a821-311.1
_22011
100 1 _aMcDaniel, Lurlene,
_d1944-
_4aut
240 1 0 _aGoodbye doesn't mean forever
_lSlovensky
245 1 0 _aZbohom neznamená navždy
_cLurlene McDanielová
250 _a1. vyd.
260 _aBratislava
_bMladé letá
_c1998
300 _a158 strán
_c21 cm
500 _aZ anglického originálu preložila Oľga Kralovičová
500 _aObsahuje biografické údaje o autorke
521 1 _aPre čitateľov od 13 rokov
655 7 _aamerické romány
_2SNKPH
655 7 _adievčenské romány
_2SNKPH
655 7 _aliteratúra pre deti a mládež
_2SNKPH
655 7 _apsychologické romány
_2SNKPH
700 1 _aKralovičová, Oľga,
_d1957-
_4trl
942 _2ddc
_cKLDO
_n0
949 _6273K0028730
_asvkpoA 172923
_bsvkpo430833
949 _6270001000004706
_asvkbbA 97102
_p619.576
949 _617A0158988
_asnkSC 96551
_bsnkKSP 8205/98
_s6100:20140925
949 _617A0158987
_asnkSC 96551 D1
_bsnkKSP 8206/98
999 _c22221
_d22221